| 000 | 01152cam a2200301 a 4500 | ||
|---|---|---|---|
| 001 | 16710040 | ||
| 003 | OSt | ||
| 005 | 20150408114013.0 | ||
| 008 | 110328s2011 enka b 001 0 eng | ||
| 010 | _a 2011008299 | ||
| 020 | _a9780273734680 (pbk. : alk. paper) | ||
| 040 |
_aDLC _cDLC _dDLC |
||
| 042 | _apcc | ||
| 050 | 0 | 0 |
_aQ175 _b.B218 2011 |
| 082 | 0 | 0 |
_a570.72 _222 |
| 100 | 1 |
_aBarnard, C. J. _q(Christopher J.) _910585 |
|
| 245 | 1 | 0 |
_aAsking questions in biology : _ba guide to hypothesis testing, experimental design and presentation in practical work and research projects / _cChris Barnard, Francis Gilbert, and Peter McGregor. |
| 250 | _a4th ed. | ||
| 260 |
_aHarlow, England _aNew York : _bPearson, _c2011. |
||
| 300 |
_ax, 248 p. : _bill. ; _c25 cm. |
||
| 504 | _aIncludes bibliographical references and index. | ||
| 650 | 0 |
_aScience _xMethodology. _910586 |
|
| 650 | 0 |
_aBiology _xMethodology. _910587 |
|
| 700 | 1 |
_aGilbert, Francis S. _q(Francis Sylvest), _d1956- _910588 |
|
| 700 | 1 |
_aMcGregor, Peter K. _910589 |
|
| 942 |
_2ddc _cBOOK |
||
| 999 |
_c21417 _d255917 |
||